Plantas de la medicina tradicional en El Tambo, Cauca /

Bibliographic Details
Main Authors: Polindara Moncayo, Yordy Werley (Author), Sanabria, Olga Lucía (Author)
Format: Electronic eBook
Language:Spanish
Published: Popayán, Colombia : Editorial Universidad del Cauca, 2024.
Edition:Primera edición en español.
Subjects:
Online Access:Digitalia Hispánica

MARC

LEADER 00000nam a2200000Ii 4500
001 DIGUCAUCA0192
003 NyNyDIG
006 m o d
007 cr |||||||||||
008 250611s2024 ck a ob 001 0 spa d
035 |a (OCoLC)1517262910 
040 |a DGITA  |b eng  |e rda  |e pn  |c DGITA 
020 |a 9789587327076  |q digital 
020 |z 9789587327069  |q impreso 
043 |a s-ck--- 
050 1 4 |a GN477.7 ebook 
100 1 |a Polindara Moncayo, Yordy Werley,  |e author. 
245 1 0 |a Plantas de la medicina tradicional en El Tambo, Cauca /  |c Yordy Werley Polindara Moncayo, Olga Lucía Sanabria Diago. 
250 |a Primera edición en español. 
264 1 |a Popayán, Colombia :  |b Editorial Universidad del Cauca,  |c 2024. 
300 |a 1 online resource :  |b illustrations. 
336 |a text  |b txt  |2 rdacontent 
337 |a computer  |b c  |2 rdamedia 
338 |a online resource  |b cr  |2 rdacarrier 
347 |a text file  |2 rdaft  
347 |b PDF 
504 |a Includes bibliographical references and index. 
588 0 |a Online resource; title from PDF title page (Digitalia, viewed June 11, 2025) 
650 0 |a Medicinal plants  |z Colombia  |z Cauca (Department) 
650 0 |a Traditional medicine  |z Colombia  |z Cauca (Department) 
700 1 |a Sanabria, Olga Lucía,  |e author. 
776 0 8 |i Print version:  |a Polindara Moncayo, Yordy Werley.  |t Plantas de la medicina tradicional en El Tambo, Cauca.  |b Primera edición en español.  |d Popayán, Colombia : Editorial Universidad del Cauca, 2024  |z 9789587327069 
791 2 |a Digitalia (Firm),  |e distributor. 
793 0 |g Digitalia eBook Collection:  |a Editorial Universidad del Cauca 
856 4 0 |3 Digitalia Hispánica  |u https://www.digitaliapublishing.com/a/173816/ 
910 |a Premium collection: 2025